000 00266nam a22001097a 4500
008 170110b xxu||||| |||| 00| 0 eng d
020 _a9781437707502
041 _aeng
080 _25th
_a618.2
245 _aUNSERSTANDING NURSING RESEARCH
_cGROVE, S.K
942 _2udc
_cBK
999 _c2675
_d2675